| 000 | 00719nam a2200265Ia 4500 | ||
|---|---|---|---|
| 008 | 171025s9999 xx 000 0 und d | ||
| 020 | _a9788129119384 | ||
| 050 | _a320.95 | ||
| 050 | _bN174 2012 | ||
| 100 | _aNamasivayam, Satheesh | ||
| 245 | _aLeading without licence : | ||
| 245 | _bleadership the Anna Hazare way / | ||
| 245 | _cby Satheesh Namasivayan and Sivaram Bandhakavi. | ||
| 260 | _aNew Delhi : | ||
| 260 | _bRupa, | ||
| 260 | _c2012 | ||
| 300 | _a148 pages : | ||
| 300 | _billustrations ; | ||
| 300 | _c19cm. | ||
| 500 | _aIncludes notes and bibliographic reference. | ||
| 650 | _aPolitical leadership -- | ||
| 650 | _xIndia. | ||
| 700 | _aBandhakavi, Sivaram. | ||
| 700 | _aTitle. | ||
| 999 |
_c344518 _d344518 |
||